Những vị thần được thờ ở Hà Nội /
Buổi đầu dựng nước; Thời Bắc thuộc; Thời Lý; Thời Trần; Thời Hậu Lê; Buổi đầu đánh Pháp.
Guardat en:
| Autor principal: | |
|---|---|
| Format: | Llibre |
| Idioma: | Vietnamese |
| Publicat: |
Hà Nội :
Nxb. Hà Nội,
2004.
|
| Matèries: | |
| Etiquetes: |
Afegir etiqueta
Sense etiquetes, Sigues el primer a etiquetar aquest registre!
|
| Thư viện lưu trữ: | Mạng thư viện Đại học Đà Nẵng |
|---|
| LEADER | 01225cam a2200361 a 4500 | ||
|---|---|---|---|
| 001 | 000044898 | ||
| 003 | 3486 | ||
| 005 | 20060512091227.0 | ||
| 008 | 010220b2004 vm 000 vie | ||
| 020 | |c 41600 | ||
| 040 | |a LRC |c LRC |d LRC | ||
| 041 | 0 | |a vie | |
| 082 | 1 | 4 | |a 920.0597 |b VU-S |
| 100 | 1 | |a Vũ Thanh Sơn. | |
| 245 | 1 | 6 | |a Những vị thần được thờ ở Hà Nội / |c Vũ Thanh Sơn. |
| 260 | |a Hà Nội : |b Nxb. Hà Nội, |c 2004. | ||
| 300 | |a 416 tr. ; |c 20,5 cm. | ||
| 520 | 3 | |a Buổi đầu dựng nước; Thời Bắc thuộc; Thời Lý; Thời Trần; Thời Hậu Lê; Buổi đầu đánh Pháp. | |
| 630 | 0 | 4 | |a Nhân vật. |
| 630 | 0 | 4 | |a Truyền thuyết. |
| 650 | 0 | 4 | |a Thần |z Hà Nội. |
| OWN | |a DUT | ||
| AVA | |a UDN50 |b DUT |c Book |d 920.0597 VU-S |e available |t Error 5001 Not defined in file expand_doc_bib_avail. |f 3 |g 0 |h N |i 0 |j SH |k 1 | ||
| 999 | |a From the UDN01 | ||
| AVA | |a UDN50 |b DUT |c Book |d 920.0597 VU-S |e available |t Error 5001 Not defined in file expand_doc_bib_avail. |f 3 |g 0 |h N |i 0 |j SH |k 1 | ||
| TYP | |a Monograph | ||
| TYP | |a Printed language | ||
| 980 | |a Mạng thư viện Đại học Đà Nẵng | ||